00936nam a22002537a 4500003000500000005001700005008004100022010001000063011001000073035001000083040000900093111009600102245005700198260010900255300001100364490005000375650002600425650003300451650002700484700003500511700004800546700003800594830005000632CHAP20220817043008.0971013s1996 r 10010 d a62209 a63181 a67357 cCHAP00aReunión Nacional de Directores de Intercambio Académico (n1d: 1995c: Toluca, Méx.) aProblemas y perspectivas del intercambio académico aMéxico, D. F. :bAsociación Nacional de Universidades e Instituciones de Educación Superior,c1996 a132 p. aTemas de hoy en la educación superiorv; 1514aEducación superior.14aEducaciónxFinanciamiento.14aIntercambio educativo.0 aAmbriz Chávez, Rebecaecoord0 aGonzález González, María Luisaecoord0 aSánchez Soler, María Dolores.0 aTemas de hoy en la educación superiorv; 15